[Jujutsu Kaisen] Extensions du territoire en VO - Statistiques

Statistiques générales
  • Ce quiz a été pris 97 fois
    95 depuis la dernière actualisation
  • Le résultat moyen est 5 sur 9
Statistiques - réponses
Nom en VO Utilisateur % Correct
Muryōkūsho Satoru Gojo
92%
Fukuma Mizushi Sukuna
86%
Jihei Endonka Mahito
77%
Kangō An'eitei Megumi Fushiguro
53%
Gaikan Techisen Jogo
52%
Chūbuku Shishi Hiroshi Higuruma
38%
Tau-un Heisen Dagon
35%
Dai Kōkai Hanami
23%
Innommé (Cimetière) Vieille Dame de la Variole
23%
Aucun quiz correspondant
Distribution des résultats
% des personnes avec chaque résultat
Percentile par nombre de réponses
Votre historique - résultats
Vous n’avez pas pris ce quiz depuis la dernière actualisation